Instrumental methods of analysis / (Record no. 13430)

000 -LEADER
fixed length control field 00506cam a2200169 a 4500
020 ## - INTERNATIONAL STANDARD BOOK NUMBER
ISBN 0442245025
040 ## - CATALOGING SOURCE
Transcribing agency DLC
082 00 - DEWEY DECIMAL CLASSIFICATION NUMBER
Classification number 543 VAN 1981 A027 Or.
245 00 - TITLE STATEMENT
Title Instrumental methods of analysis /
250 ## - EDITION STATEMENT
Edition statement 6th ed.
260 ## - PUBLICATION, DISTRIBUTION, ETC. (IMPRINT)
Place of publication New York :
Name of publisher Van Nostrand,
Year of publication c1981.
300 ## - PHYSICAL DESCRIPTION
Number of Pages xxiv, 1030 p. :
Other physical details ill. ;
Dimensions 25 cm.
500 ## - GENERAL NOTE
General note Previous ed.: Hobart H. Willard, Lynne L. Merritt, Jr., John A. Dean. 5th ed. 1974.
650 #0 - SUBJECT ADDED ENTRY--TOPICAL TERM
Topical Term Instrumental analysis.
700 1# - ADDED ENTRY--PERSONAL NAME
Personal name Willard, Hobart H.
942 ## - ADDED ENTRY ELEMENTS (KOHA)
Koha item type សៀវភៅភាសាអង់គ្លេស
952 ## - LOCATION AND ITEM INFORMATION (KOHA)
Withdrawn status [LOCAL, KOHA] 0
Holdings
Permanent Location Date acquired Koha item type Lost status Shelving location Barcode Current Location Full call number
Library Block A2017-08-26សៀវភៅភាសាអង់គ្លេស A027A18738Library Block A543 VAN 1981 A027 Or.
មជ្ឈមណ្ឌលឯការនៃសាកលវិទ្យាល័យភូមិន្ទកសិកម្មចំការដូង

Powered by Koha